Obras literarias / (Record no. 158967)

MARC details
000 -LEADER
campo de control de longitud fija 01143nam a22002295i 4500
001 - NÚMERO DE CONTROL
campo de control 158967
003 - IDENTIFICADOR DE NÚMERO DE CONTROL
campo de control ES-MaACL
005 - FECHA Y HORA DE LA ÚLTIMA TRANSACCIÓN
campo de control 20231226160300.0
008 - DATOS DE LONGITUD FIJA--INFORMACIÓN GENERAL
campo de control de longitud fija 980914m18381839fr |||| | spa d
080 ## - NÚMERO DE LA CLASIFICACIÓN DECIMAL UNIVERSAL
Número de la Clasificación Decimal Universal 821.134.2-82"18"
100 1# - ENTRADA PRINCIPAL--NOMBRE DE PERSONA
Nombre de persona Martínez de la Rosa, Francisco,
Fechas asociadas al nombre 1787-1862
9 (RLIN) 78009
245 10 - MENCIÓN DEL TÍTULO
Título Obras literarias /
Mención de responsabilidad, etc. de Francisco Martinez de la Rosa.
260 ## - PUBLICACIÓN, DISTRIBUCIÓN, ETC.
Lugar de publicación, distribución, etc. París :
Nombre del editor, distribuidor, etc. en la imprenta de Julio Didot :
-- en casa de Don Vicente Salva,
Fecha de publicación, distribución, etc. 1838-1839.
300 ## - DESCRIPCIÓN FÍSICA
Extensión 3 v. (482 ; 533 ; 358 p. ) ;
Dimensiones 17 cm.
505 8# - NOTA DE CONTENIDO CON FORMATO
Nota de contenido con formato Contiene: I. Poética -- II. Apéndice sobre la poesía didáctica española ; Apéndice sobre la tragedia española ; Apéndice sobre la comedia española -- III: Zaragoza, poema ; La viuda de Padilla: tragedia ; La niña en casa y la madre en la máscara: comedia
596 ## - NOTA AL PIE DE IMPRENTA
NOTA AL PIE DE IMPRENTA Ed. tomados del pie de imprenta del verso de la anteport.
596 ## - NOTA AL PIE DE IMPRENTA
NOTA AL PIE DE IMPRENTA Vol. 3 impreso en 1838.
650 #4 - PUNTO DE ACCESO ADICIONAL DE MATERIA--TÉRMINO DE MATERIA
Término de materia o nombre geográfico como elemento de entrada Poesía didáctica española-
Subdivisión general Historia y crítica.
9 (RLIN) 173168
650 #4 - PUNTO DE ACCESO ADICIONAL DE MATERIA--TÉRMINO DE MATERIA
Término de materia o nombre geográfico como elemento de entrada Teatro español-
Subdivisión general Historia y crítica.
9 (RLIN) 136908
852 ## - LOCALIZACIÓN
Ubicación ES-MaACL
Número de control de estantería G-10110-12
Nota libre - Enc. hol.
Holdings
Estatus retirado Estado de pérdida Estado de daño No para préstamo Colección Biblioteca de origen Biblioteca actual Ubicación en estantería Fecha de adquisición Total de préstamos Signatura topográfica completa Código de barras Visto por última vez Precio de reemplazo Tipo de ítem Koha
        Libros del s. XIX Biblioteca del Ateneo de Madrid Biblioteca del Ateneo de Madrid Sala Pecera Planta 3 17/01/2008   G-10110-12 1166403 23/02/2023 23/02/2023 Libro impreso antiguo